[Event "Chigorin Memorial 27th"]
[Site "St Petersburg"]
[Date "2019.10.13"]
[Round "9"]
[White "Pingin, Artem"]
[Black "Grekhov, Luka"]
[Result "1-0"]
[WhiteElo "2085"]
[BlackElo "1601"]
[PlyCount "65"]
[EventDate "2019.10.05"]
[EventType "swiss"]
[EventRounds "9"]
[EventCountry "RUS"]
[SourceTitle "EXT 2021"]
[Source "ChessBase"]
[SourceDate "2020.10.23"]
[SourceVersion "1"]
[SourceVersionDate "2020.10.23"]
[SourceQuality "1"]

1. Nf3 Nf6 2. e3 e6 3. b3 g6 4. Bb2 Bg7 5. d4 0-0 6. Nbd2 b6 7. e4 Bb7 8. Bd3 d6 9. 0-0 c5 10. c3 Nc6 11. Re1 Rc8 12. a3 Qd7 13. b4 cxd4 14. cxd4 Nh5 15. Qb3 Kh8 16. Rad1 f5 17. d5 exd5 18. exf5 gxf5 19. Bb5 a6 20. Bf1 Bxb2 21. Qxb2+ Qg7 22. Qxg7+ Kxg7 23. Nb3 Nf6 24. Nh4 Ne4 25. f3 Nc3 26. Rc1 Nb5 27. a4 Na3 28. b5 axb5 29. axb5 Ne5 30. Nd4 Rxc1 31. Nhxf5+ Kg6 32. Rxc1 Nac4 33. f4 1-0

[Event "Chigorin Memorial 27th"]
[Site "St Petersburg"]
[Date "2019.10.11"]
[Round "7"]
[White "Kurchenko, Egor"]
[Black "Grekhov, Luka"]
[Result "1/2-1/2"]
[WhiteElo "1917"]
[BlackElo "1601"]
[PlyCount "97"]
[EventDate "2019.10.05"]
[EventType "swiss"]
[EventRounds "9"]
[EventCountry "RUS"]
[SourceTitle "EXT 2021"]
[Source "ChessBase"]
[SourceDate "2020.10.23"]
[SourceVersion "1"]
[SourceVersionDate "2020.10.23"]
[SourceQuality "1"]

1. e4 c5 2. Nf3 e6 3. d4 cxd4 4. Nxd4 a6 5. Bd3 Nf6 6. 0-0 Qc7 7. Nc3 d6 8. Be3 g6 9. f4 Bg7 10. Qf3 0-0 11. f5 Nc6 12. Nxc6 bxc6 13. g4 Nd7 14. Qg2 d5 15. fxe6 fxe6 16. exd5 Qe5 17. Rfe1 Qd6 18. dxe6 Ne5 19. Be4 Bxe6 20. Rad1 Qb4 21. Bd4 Nxg4 22. Ne2 Rad8 23. c3 Qxb2 24. h3 Nf6 25. Nf4 Qxg2+ 26. Bxg2 Bxa2 27. Bxc6 Rd6 28. Bg2 Rfd8 29. Ra1 Bc4 30. Bf1 Bxf1 31. Kxf1 Re8 32. Rxe8+ Nxe8 33. Bxg7 Kxg7 34. Ke2 Nc7 35. Ke3 g5 36. Ne2 Nd5+ 37. Kd4 Nf4+ 38. Kc5 Rd3 39. Nxf4 gxf4 40. Rxa6 f3 41. Ra2 Kg6 42. Kc4 Re3 43. Kd4 Re2 44. Ra8 Kf7 45. Ra5 Ke6 46. Ra8 Rh2 47. Rf8 Rxh3 48. Ke3 f2+ 49. Kxf2 1/2-1/2

[Event "Nezhmetdinov Memorial 40th"]
[Site "Kazan"]
[Date "2018.09.17"]
[Round "5"]
[White "Grekhov, Luka"]
[Black "Martynyuk, Elizaveta"]
[Result "1/2-1/2"]
[WhiteElo "1914"]
[BlackElo "2078"]
[PlyCount "100"]
[EventDate "2018.09.13"]
[EventType "swiss"]
[EventRounds "9"]
[EventCountry "RUS"]
[SourceTitle "CBM 186 Extra"]
[Source "ChessBase"]
[SourceDate "2018.08.24"]
[SourceVersion "1"]
[SourceVersionDate "2018.08.24"]
[SourceQuality "1"]

1. e4 c5 2. Nf3 Nc6 3. Bb5 d6 4. 0-0 Bd7 5. Re1 Nf6 6. c3 a6 7. Bf1 Bg4 8. h3 Bh5 9. g4 Bg6 10. d4 e6 11. d5 Ne5 12. dxe6 Nxf3+ 13. Qxf3 fxe6 14. Bg5 Be7 15. e5 dxe5 16. Qxb7 0-0 17. Nd2 h6 18. Bxf6 Bxf6 19. Nc4 Bh4 20. Re2 Qg5 21. f3 Rab8 22. Qxa6 Rxf3 23. Qxe6+ Bf7 24. Qxe5 Bxc4 25. Qxb8+ Kh7 26. Qe5 Qg6 27. Qe4 Bxe2 28. Qxg6+ Kxg6 29. Bxe2 Rxh3 30. Rd1 Re3 31. Kf1 Re6 32. Rd5 Rb6 33. b3 Rf6+ 34. Kg1 Be1 35. c4 Bf2+ 36. Kg2 Bd4 37. Bd3+ Kf7 38. Rf5 Rxf5 39. Bxf5 Kf6 40. Bc8 Ke5 41. Kf3 g6 42. Bb7 h5 43. gxh5 gxh5 44. Ke2 Kf4 45. Kd3 Bb2 46. a4 Be5 47. a5 Bc7 48. a6 Bb6 49. Kc3 Ke5 50. Bc6 h4 1/2-1/2

[Event "Nezhmetdinov Memorial 40th"]
[Site "Kazan"]
[Date "2018.09.14"]
[Round "2"]
[White "Markelova, Lubov"]
[Black "Grekhov, Luka"]
[Result "1-0"]
[WhiteElo "2169"]
[BlackElo "1914"]
[PlyCount "75"]
[EventDate "2018.09.13"]
[EventType "swiss"]
[EventRounds "9"]
[EventCountry "RUS"]
[SourceTitle "CBM 186 Extra"]
[Source "ChessBase"]
[SourceDate "2018.08.24"]
[SourceVersion "1"]
[SourceVersionDate "2018.08.24"]
[SourceQuality "1"]

1. Nf3 d5 2. d4 Nf6 3. c4 e6 4. e3 c6 5. b3 Bd6 6. Bd3 Nbd7 7. Bb2 0-0 8. Nbd2 Qe7 9. Ne5 Bc7 10. 0-0 Nxe5 11. dxe5 Nd7 12. f4 b6 13. Nf3 Bb7 14. cxd5 cxd5 15. Bxh7+ Kxh7 16. Ng5+ Kh6 17. Qc2 g6 18. Qxc7 Ba6 19. Rf3 Kg7 20. Qd6 Qe8 21. Rc1 Rc8 22. Rc7 Rxc7 23. Qxc7 Qc8 24. Qxc8 Rxc8 25. Rh3 Rc2 26. Rh7+ Kg8 27. Rxf7 Nc5 28. Ba3 Nd3 29. Rf8+ Kg7 30. Nxe6+ Kh7 31. h3 Rxa2 32. Be7 Ra1+ 33. Kh2 Nf2 34. Rf7+ Kg8 35. Rg7+ Kh8 36. Rxg6 Bd3 37. Bf6+ Kh7 38. Nf8# 1-0

[Event "Chigorin Memorial 24th"]
[Site "St Petersburg"]
[Date "2016.10.18"]
[Round "4"]
[White "Grekhov, Luka"]
[Black "Mukhtarova, Anastasiia"]
[Result "0-1"]
[WhiteElo "1600"]
[BlackElo "1869"]
[PlyCount "100"]
[EventDate "2016.10.15"]
[EventType "swiss"]
[EventRounds "9"]
[EventCountry "RUS"]
[SourceTitle "CBM 175 Extra"]
[Source "ChessBase"]
[SourceDate "2016.12.12"]
[SourceVersion "1"]
[SourceVersionDate "2016.12.12"]
[SourceQuality "1"]

1. d4 Nf6 2. c4 e6 3. Nf3 b6 4. g3 Ba6 5. Qa4 c6 6. Nc3 d5 7. Ne5 Qc7 8. Bg2 Bd6 9. cxd5 b5 10. Qc2 cxd5 11. Qb3 Nc6 12. Nxc6 Qxc6 13. Bd2 0-0 14. Rc1 Qb6 15. e3 Rac8 16. 0-0 b4 17. Na4 Qa5 18. Rxc8 Rxc8 19. Rc1 Rxc1+ 20. Bxc1 Bb5 21. Nc5 Bc4 22. Qd1 Qxa2 23. b3 Qe2 24. Qd2 Bb5 25. Qxe2 Bxe2 26. Bd2 a5 27. Na4 Bd1 28. Nc5 Kf8 29. Nb7 Bc7 30. Nc5 Bb6 31. Na4 Ba7 32. Bf1 Bxb3 33. Bb5 Ne4 34. Be1 Ke7 35. Nb2 Nd6 36. Bd3 h6 37. Kf1 Nc4 38. Nxc4 dxc4 39. Be4 c3 40. Bd3 a4 41. Ke2 a3 42. Bb1 a2 43. Bxa2 Bxa2 44. Kd3 Bb3 45. f3 Kd6 46. e4 f5 47. e5+ Kd5 48. Bf2 Bd1 49. f4 c2 50. Be3 Bxd4 0-1